00556nam a22001577a 4500008004000000020001500040050002000055245011900075260004800194300001900242440002700261504002600288650003000314700002700344700002700371121108t sp||||| |||| 00| 0 spa d a84703072230 aBF173bL53 200010aLibro anual del psicoanàlisis 2 :bBrevue francais de psychanalysectr. Pilar Artaloytia , rev. Isabel Usobiaga. aMadrid, España :bBiblioteca Nueva,c2000 a219 p.c21 cm. aPsicoanàlisisnNo. 2 aIncluye bibliografias 4aPsicoanàlisisxAnuarios1 aArtaloytia, Pilar, tr.1 aUsobiaga, Isabel, rev.